Európska identita - budúcnosť európskeho integračného projektu?
Autorka sa v príspevku zaoberá "europanstvom", postavením európskej a národnej identity v členských štátoch EÚ a otázkou možností akcelerácie integračného procesu EÚ.
Gespeichert in:
| 1. Verfasser: | |
|---|---|
| Format: | Buchkapitel |
| Sprache: | Slowakisch |
| Schlagworte: | |
| Tags: |
Keine Tags, Fügen Sie das erste Tag hinzu!
|
MARC
| LEADER | 00000naa$a2200000$$$4500 | ||
|---|---|---|---|
| 001 | 0121010 | ||
| 005 | 20240502072356.2 | ||
| 041 | 0 | |a slo | |
| 044 | |a SK | ||
| 245 | 1 | 0 | |a Európska identita - budúcnosť európskeho integračného projektu? |c Veronika Fodorová |
| 520 | |a Autorka sa v príspevku zaoberá "europanstvom", postavením európskej a národnej identity v členských štátoch EÚ a otázkou možností akcelerácie integračného procesu EÚ. | ||
| 610 | 2 | 0 | |a Európska únia |
| 610 | 2 | 0 | |a integrácia |
| 610 | 2 | 0 | |a identita |
| 610 | 2 | 0 | |a národ |
| 100 | 1 | |a Fodorová, Veronika | |